[Event "Chess Olympiad (Women)"]
[Site "Istanbul TUR"]
[Date "2012.09.03"]
[Round "6.54"]
[White "Sungwon Byun"]
[Black "I-Chen Chen"]
[Result "1/2-1/2"]
[WhiteElo "1566"]
[BlackElo "1684"]

1. e4 e5 2. Nf3 Nc6 3. Bb5 a6 4. Ba4 Nf6 5. O-O Be7 6. Re1 b5 7. Bb3 d6 8. a4
Bg4 9. c3 O-O 10. h3 Bh5 11. d3 Na5 12. Bc2 c5 13. Nbd2 Nd7 14. Nf1 c4 15. Ng3
Bg6 16. axb5 axb5 17. b4 cxb3 18. Bxb3 Nxb3 19. Rxa8 Qxa8 20. Qxb3 Qa4 21. Qb1
Rc8 22. Bd2 Nc5 23. Be3 Nb3 24. Qb2 Ra8 25. Rb1 Nc5 26. Bxc5 dxc5 27. Qxb5 f6
28. Nh4 Bf7 29. Qxa4 Rxa4 30. Rb8+ Bf8 31. Nhf5 Be6 32. Rb7 Ra1+ 33. Kh2 Rd1
34. Ne7+ Kf7 35. Nd5+ Kg6 36. Rb8 Kf7 37. Rb7+ Kg6 38. Rb8 Kf7 39. Rb7+ Kg6
40. Rb8 Bd6 41. Rb6 Bxd5 42. Rxd6 Bc4 43. Rc6 Rxd3 44. Rxc5 Rxc3 45. Rc7 Rxg3
46. Kxg3 Bd3 47. f3 Bf1 48. Rc1 Bd3 49. Re1 Kg5 50. h4+ Kh5 51. f4 exf4+ 52.
Kxf4 Kg6 53. e5 fxe5+ 54. Rxe5 h6 55. g4 Bc4 56. h5+ Kf6 57. g5+ hxg5+ 58.
Rxg5 Bd3 59. Rc5 Bb1 60. Rc6+ Kf7 61. Kg5 Bd3 62. Rc7+ Kf8 63. h6 gxh6+ 64.
Kxh6 Ke8 65. Kg5 Kd8 66. Rg7 Bc4 67. Kf6 Bb3 68. Ke5 Ke8 69. Rb7 Bd1 {#d}
1/2-1/2

[Event "Chess Olympiad"]
[Site "Istanbul TUR"]
[Date "2012.09.06"]
[Round "9.58"]
[White "Ahmed Al-Zayat"]
[Black "Pierre Villegas"]
[Result "1/2-1/2"]
[WhiteElo "1977"]
[BlackElo "2249"]

1. d4 d5 2. Bf4 Nf6 3. e3 c5 4. Nf3 Nc6 5. c3 Qb6 6. Qc1 Bf5 7. Nbd2 e6 8. Be2
h6 9. h3 Be7 10. a4 c4 11. Ne5 O-O 12. g4 Bh7 13. g5 hxg5 14. Bxg5 Qc7 15. Rg1
Nxe5 16. dxe5 Qxe5 17. Bf4 Qf5 18. Nf3 Qc2 19. Qxc2 Bxc2 20. Ne5 Rfd8 21. h4
Nd7 22. Kd2 Bf5 23. Ng4 Bxg4 24. Rxg4 Nf6 25. Rg2 Ne4+ 26. Kc2 Bxh4 27. f3 Nd6
28. Rd1 Nf5 29. e4 Ne7 30. Rh1 Ng6 31. Rxg6 fxg6 32. Rxh4 Kf7 33. Bg5 Rh8 34.
Rf4+ Kg8 35. exd5 exd5 36. Rd4 Rh2 37. Rd2 Re8 38. Bd1 Rxd2+ 39. Kxd2 Kf7 40.
f4 Ke6 41. Bc2 Kf7 42. Bd1 Ke6 43. Bf3 Kd6 44. Bh4 a5 45. Bf2 Kc6 46. Bd4 Re7
47. b3 b5 48. axb5+ Kxb5 49. Bxd5 cxb3 50. Bxb3 a4 51. Bc2 a3 52. Bb3 Re4 53.
Be3 Re8 54. Kd3 Rh8 55. Bc1 Ra8 56. Ba2 Ka4 57. c4 Rh8 58. Bd2 Rh3+ 59. Kc2
Rf3 60. c5 Kb5 61. Bd5 a2 62. Bxa2 Kxc5 63. Bf7 g5 64. Bh5 Rh3 65. Bg6 gxf4
66. Bxf4 Kd4 67. Bc1 Rh2+ 68. Kb3 Rg2 69. Bb2+ Kc5 70. Ba3+ Kb6 71. Be4 Rg3+
72. Kb2 g5 73. Bb4 Rg4 74. Bd2 Rxe4 75. Bxg5 Rc4 76. Kb3 Kb5 77. Bd2 Kc5 78.
Be3+ Kd5 79. Bd2 Rg4 80. Bb4 Rg3+ 81. Ka4 Rg8 82. Kb3 Rg4 83. Bf8 Rf4 84. Bh6
Rf3+ 85. Kb4 Rf6 86. Be3 Re6 87. Bf2 Re2 88. Bg1 Rg2 89. Ba7 Ra2 90. Be3 Rb2+
91. Kc3 Rg2 92. Ba7 Rg3+ 93. Kb4 Rf3 94. Bg1 Rf1 95. Ba7 Rf3 96. Bg1 Rg3 97.
Ba7 Rg4+ 98. Kb5 Rg7 99. Kb6 Rg2 100. Kc7 Rg7+ 101. Kb6 Kc4 102. Bb8 Rg6+ 103.
Ka5 Rg2 104. Kb6 Kd5 105. Bf4 Rb2+ 106. Kc7 Rb3 107. Bh2 Rc3+ 108. Kb6 Rc6+
109. Kb7 Rg6 110. Bf4 Kc5 111. Be3+ Kb5 112. Kc7 Rg2 113. Kd6 Re2 114. Bg1 Kc4
115. Bb6 Rg2 116. Be3 Kd3 117. Ba7 Rg6+ 118. Ke5 Rg5+ 119. Kd6 Ke4 120. Bf2
Rg2 121. Ba7 Rg6+ 122. Kc5 Rg8 123. Kd6 Rf8 124. Bg1 Rf6+ 125. Kc5 Rf2 {#d}
1/2-1/2

[Event "Chess Olympiad"]
[Site "Istanbul TUR"]
[Date "2012.09.09"]
[Round "11.38"]
[White "Sergej Salov"]
[Black "Sergio Barrientos Chavarriaga"]
[Result "1/2-1/2"]
[WhiteElo "2234"]
[BlackElo "2500"]

1. e4 c5 2. Nf3 d6 3. d4 cxd4 4. Nxd4 Nf6 5. Nc3 a6 6. Bg5 e6 7. f4 h6 8. Bh4
Qb6 9. a3 Nbd7 10. Bf2 Qc7 11. Qf3 b5 12. O-O-O Bb7 13. Bd3 Be7 14. Kb1 Nc5
15. Rhe1 d5 16. e5 Nfe4 17. Bxe4 Nxe4 18. Nxe4 dxe4 19. Qg3 O-O-O 20. Qxg7 Bd5
21. Re3 Bc5 22. Rc3 Bc4 23. b3 Rhg8 24. Qh7 Rxg2 25. Qxe4 Qb7 26. Qe1 Rxh2 27.
bxc4 b4 28. Rcd3 Bxd4 29. axb4 Qg2 30. R3d2 Bb6 31. Rxd8+ Bxd8 32. Qd2 Bc7 33.
Be3 Qxd2 34. Bxd2 h5 35. Kc1 h4 36. Rg1 h3 37. Rg8+ Kd7 38. Rh8 Rh1+ 39. Kb2
Bd8 40. Rh7 Kc6 41. Be3 f6 42. c3 fxe5 43. fxe5 Re1 44. Rxh3 Bc7 45. Bd4 Bxe5
46. b5+ Kb7 47. Rh7+ Kb8 48. bxa6 Re4 49. Rb7+ Ka8 50. c5 Rxd4 51. cxd4 Bxd4+
52. Kb3 Bxc5 53. Kc4 Bf2 54. Rf7 Bg1 55. Rf1 Be3 56. Re1 Bf2 57. Rxe6 Bg1 58.
Rg6 Bf2 59. Kb5 Be3 60. Re6 Bf2 61. Re8+ Ka7 62. Re7+ Ka8 63. a7 Bxa7 64. Ka6
Bb8 65. Kb6 Bg3 66. Ra7+ Kb8 67. Rf7 Ka8 68. Rf3 Bh2 69. Ra3+ Kb8 70. Ra1 Be5
71. Rd1 Bc7+ 72. Kc6 Bg3 73. Rd2 Bf4 74. Re2 Bg3 75. Rb2+ Ka8 76. Kb6 Be5 77.
Rb4 Bg3 78. Ra4+ Kb8 79. Ra2 Bf4 80. Re2 Bc7+ 81. Kc6 Bf4 82. Rb2+ Ka8 83. Rb7
Bg3 84. Kb6 Bh2 85. Rg7 Bf4 86. Rg8+ Bb8 87. Kc6 Ka7 88. Rg5 Bf4 89. Rf5 Bh2
90. Rb5 Bf4 91. Rb7+ Ka8 92. Rb4 Bh2 93. Rh4 Bg3 94. Rg4 Bh2 95. Kb6 Be5 96.
Rg8+ Bb8 97. Kc6 Ka7 98. Rg7+ Ka8 99. Kb6 Bf4 100. Ra7+ Kb8 101. Re7 Ka8 102.
Re4 Bg3 103. Re2 Bf4 104. Re8+ Bb8 105. Kc6 {#d} 1/2-1/2

[Event "28th European Club Cup (Women)"]
[Site "Eilat ISR"]
[Date "2012.10.13"]
[Round "3"]
[White "Anastasia Bodnaruk"]
[Black "Marsel Efroimski"]
[Result "1/2-1/2"]
[WhiteElo "2425"]
[BlackElo "2162"]

1. e4 c5 2. Nf3 d6 3. d4 cxd4 4. Nxd4 Nf6 5. Nc3 Nc6 6. Bg5 e6 7. Qd2 Be7 8.
O-O-O O-O 9. f4 h6 10. Bh4 e5 11. Nf5 Bxf5 12. exf5 exf4 13. Qxf4 d5 14. Bb5
Qb6 15. Bf2 Bc5 16. Na4 Bd6 17. Qxd6 Qxf2 18. Rhf1 Qe3+ 19. Kb1 Rac8 20. Qf4
Rfe8 21. Qxe3 Rxe3 22. Nc3 Re5 23. Rde1 Rce8 24. Rxe5 Rxe5 25. Nd1 Ne4 26. Rf4
Nd4 27. Bd3 Nxf5 28. Kc1 Nfd6 29. Ne3 f5 30. Nf1 g5 31. Rf3 Kg7 32. g3 g4 33.
Rf4 Ng5 34. c3 b5 35. a4 Ne6 36. axb5 Nxf4 37. gxf4 Re7 38. Kd2 Kg6 39. Ne3
Rd7 40. Nxd5 Nxb5 41. Ne3 Nd6 42. b4 h5 43. Ke2 Ne4 44. c4 a5 45. bxa5 Ra7 46.
Nxf5 Kxf5 47. Ke3 Rxa5 48. Bxe4+ Ke6 49. Kf2 Ra3 50. c5 Ra4 51. Ke3 Ra2 52. c6
Rxh2 53. f5+ Kd6 54. f6 Rb2 55. f7 Rb8 56. Kf4 Rh8 57. Bg6 h4 58. Kxg4 Kxc6
59. f8=Q Rxf8 60. Kxh4 Kd6 61. Kg5 Ke5 62. Bh7 Rf2 63. Bd3 Rg2+ 64. Kh6 Kf6
65. Kh7 Rd2 66. Be4 Rd7+ 67. Kg8 Rd8+ 68. Kh7 Rd4 69. Bc2 Rg4 70. Bb1 Rg7+ 71.
Kh8 Rb7 72. Be4 Ra7 73. Bd3 Kf7 74. Bc4+ Kf6 75. Bd3 Kf7 76. Bc4+ Kf8 77. Bd3
Ra1 78. Be4 Re1 79. Bd3 Re3 80. Bb1 Kf7 81. Ba2+ Kg6 82. Bb1+ Kh6 83. Ba2 Ra3
84. Bd5 Rc3 85. Ba2 Rc8+ 86. Bg8 Kg5 87. Kg7 Kf5 88. Bh7+ Ke6 89. Bg8+ Ke7 90.
Bd5 Rc5 91. Bb3 {#d} 1/2-1/2

[Event "World Youth Championship (Girls)"]
[Site "Maribor SLO"]
[Date "2012.11.11"]
[Round "4"]
[White "Lisa Schut"]
[Black "Ann Chumpitaz"]
[Result "1/2-1/2"]
[WhiteElo "2281"]
[BlackElo "2219"]

1. e4 c5 2. Nf3 Nc6 3. d4 cxd4 4. Nxd4 e5 5. Nb5 d6 6. N1c3 a6 7. Na3 b5 8.
Nd5 Nf6 9. Bg5 Be7 10. Bxf6 Bxf6 11. c4 b4 12. Nc2 O-O 13. g3 a5 14. Bg2 Be6
15. O-O Rc8 16. Qd3 g6 17. Rad1 Bg7 18. a3 Rb8 19. axb4 axb4 20. b3 Qa5 21.
Ra1 Qc5 22. Ra6 Kh8 23. h4 Bc8 24. Ra2 f5 25. h5 gxh5 26. Qe2 f4 27. gxf4 exf4
28. Qxh5 Ne5 29. Bh3 Nxc4 30. Bxc8 Rfxc8 31. Ne1 Ne5 32. Nxf4 Qc3 33. Ra7 Rc7
34. Nd5 Rxa7 35. Nxc3 bxc3 36. f4 Nc6 37. Qd5 Nd4 38. e5 dxe5 39. fxe5 c2 40.
Nd3 Nxb3 41. Kh2 Rc7 42. Qd6 Rcc8 43. Rg1 c1=Q 44. Nxc1 Nxc1 45. Rxc1 Re8 46.
Re1 Rb7 47. Re2 Rbe7 48. e6 Kg8 49. Kh3 Kh8 50. Qd5 Kg8 51. Re4 Kh8 52. Qh5
Bf6 53. Qf5 Ba1 54. Rh4 Rg7 55. Rg4 Rge7 56. Rh4 Bb2 57. Kg2 Ba1 58. Rh6 Bb2
59. Kf3 Ba1 60. Qh5 Rf8+ 61. Ke4 Bb2 62. Qh2 Bf6 63. Qd6 Kg7 64. Rh3 Rfe8 65.
Rg3+ Kh8 66. Kd5 Bb2 67. Re3 Ba1 68. Qb6 Bg7 69. Rf3 Rxe6 70. Qxe6 Rxe6 71.
Kxe6 Kg8 72. Ke7 h5 73. Rf5 Ba1 74. Rxh5 Kg7 75. Rg5+ Kh6 76. Rg1 Bd4 77. Rg4
Bc3 78. Ke6 Ba1 79. Kf5 Bb2 80. Rc4 Ba1 81. Rc6+ Kg7 82. Rg6+ Kf7 83. Ra6 Bd4
84. Rd6 Ba1 85. Rd7+ Ke8 86. Ke6 Kf8 87. Rf7+ Kg8 88. Ke7 Bc3 89. Rf1 Kg7 90.
Rc1 Bf6+ 91. Ke6 Bb2 92. Rg1+ Kh6 93. Rg2 Ba1 94. Ra2 Bc3 95. Rg2 Ba1 96. Kf5
Bc3 97. Rh2+ Kg7 98. Kg5 Kf7 99. Kf5 Ke7 100. Rh6 Bb2 101. Re6+ Kd7 102. Ra6
Bc3 103. Ke4 Bb2 104. Kd5 Ke7 {#d} 1/2-1/2

[Event "London Chess Classic Open"]
[Site "London ENG"]
[Date "2012.12.02"]
[Round "2"]
[White "Richard James Cannon"]
[Black "Cesar Tortolero"]
[Result "1-0"]
[WhiteElo "2071"]
[BlackElo "1926"]

1. e4 c5 2. Nf3 e6 3. g3 Nc6 4. Bg2 a6 5. d4 cxd4 6. Nxd4 Qc7 7. O-O Nf6 8.
Nc3 Nxd4 9. Qxd4 Bc5 10. Qd3 O-O 11. Bf4 d6 12. Rad1 e5 13. Bg5 Be6 14. Bxf6
gxf6 15. Qf3 Bd4 16. Rd3 Rfe8 17. Qxf6 Qe7 18. Qh6 Rac8 19. Nd5 Bxd5 20. exd5
f5 21. c3 Bc5 22. Qe6+ Qxe6 23. dxe6 e4 24. Rd5 Rxe6 25. Rxf5 Rf8 26. Rxf8+
Kxf8 27. c4 Kg7 28. Re1 e3 29. fxe3 Bxe3+ 30. Kh1 b5 31. Bf1 Re5 32. Rd1 Rf5
33. cxb5 axb5 34. b4 h5 35. a3 Bg5 36. Bh3 Rf6 37. Rd5 Bc1 38. Rxh5 Rh6 39.
Rxb5 Rxh3 40. a4 Kf6 41. a5 Rh7 42. Kg2 Ke6 43. h4 d5 44. a6 Be3 45. Rb8 Kd6
46. Kf3 Ba7 47. Rb5 Rf7+ 48. Ke2 Kc6 49. Ra5 Rf2+ 50. Ke1 Rf3 51. g4 Rf4 52.
Ra4 Kb5 53. Ra5+ Kc6 54. Ra4 d4 55. Ra3 Rxg4 56. Rh3 Kb5 57. h5 Rg7 58. h6 Rh7
59. Rh5+ Kxb4 60. Kd2 Kc4 61. Kc2 Bc5 62. Rh3 Kb5 63. Rh5 Kc6 64. Kd3 Kb5 65.
a7 Rxa7 66. h7 Ra8 67. h8=Q Rxh8 68. Rxh8 Ka6 69. Kc4 Bb6 70. Rh6 Kb7 71. Kb5
Ba7 72. Rh7+ Ka8 73. Kc6 Bb8 74. Rd7 d3 75. Rd8 d2 76. Rxd2 Ba7 77. Rd8+ Bb8
78. Rh8 Ka7 79. Rh7+ Ka8 80. Kb6 Bf4 81. Ra7+ Kb8 82. Rf7 Be3+ 83. Kc6 Ka8 84.
Kc7 Ka7 85. Rf3 Bb6+ 86. Kc6 Bd4 87. Rd3 Bf2 88. Rd2 Be3 89. Rd8 Bf2 90. Rf8
Bg3 91. Rf3 Bh2 92. Ra3+ Kb8 93. Ra2 Bg1 94. Rg2 Be3 95. Rg4 Ka8 96. Kc7 Ba7
97. Rg8+ {#r} 1-0

[Event "SportAccord World Mind Games (Women's Rapid)"]
[Site "Beijing CHN"]
[Date "2012.12.14"]
[Round "2.8"]
[White "Victoria Cmilyte"]
[Black "Bela Khotenashvili"]
[Result "1/2-1/2"]
[WhiteElo "2524"]
[BlackElo "2504"]

1. d4 d5 2. c4 e6 3. Nc3 Bb4 4. e3 c5 5. a3 Bxc3+ 6. bxc3 Ne7 7. Bd3 dxc4 8.
Bxc4 Qc7 9. dxc5 Qxc5 10. Qd4 Qg5 11. Ne2 Nbc6 12. Qe4 b6 13. a4 Bb7 14. h4
Qf6 15. Ba3 O-O 16. Qf4 Rfd8 17. Qxf6 gxf6 18. Nf4 Ng6 19. h5 Nge5 20. Be2 h6
21. Rh3 Kh7 22. Rg3 f5 23. Bb2 Rg8 24. Rxg8 Rxg8 25. c4 Rd8 26. Bc3 Ba6 27.
Rc1 Nd7 28. Bb2 Nc5 29. Bf6 Rd7 30. g4 fxg4 31. Bxg4 Ne4 32. Ba1 Na5 33. Bf3
Nd2 34. Bd1 Ndb3 35. Bc2+ Kg8 36. Rb1 Nxa1 37. Rxa1 Bxc4 38. f3 Kf8 39. Be4
Ke7 40. Rc1 f5 41. Bc2 Kf6 42. Ng6 Bd3 43. Rd1 Bxc2 44. Rxd7 Nc6 45. f4 Bxa4
46. Rh7 e5 47. fxe5+ Nxe5 48. Nxe5 Kxe5 49. Rxh6 f4 50. exf4+ Kxf4 51. Rd6 Kg5
52. h6 Bc2 53. Kd2 Bg6 54. Rd7 Kxh6 55. Rxa7 b5 56. Ra6 Kg5 57. Rb6 Be8 58.
Kc3 Kf5 59. Kd4 Bd7 60. Kd5 Be8 61. Kd6 Kf6 62. Rb7 Kf5 63. Rb8 Bg6 64. Rxb5+
Ke4 65. Rb4+ Ke3 66. Ke5 Bc2 67. Rh4 Kd3 68. Rd4+ Ke3 69. Rc4 Kd3 70. Rxc2
{#d} 1/2-1/2

[Event "SportAccord World Mind Games (Women's Blitz)"]
[Site "Beijing CHN"]
[Date "2012.12.17"]
[Round "12.5"]
[White "Dronavalli Harika"]
[Black "Yifan Hou"]
[Result "1/2-1/2"]
[WhiteElo "2512"]
[BlackElo "2606"]

1. c4 c5 2. Nf3 Nf6 3. Nc3 b6 4. g3 Bb7 5. Bg2 e6 6. O-O Be7 7. d4 cxd4 8.
Qxd4 d6 9. Bg5 a6 10. Bxf6 Bxf6 11. Qf4 Be7 12. Rfd1 O-O 13. Ne4 Bxe4 14. Qxe4
Ra7 15. Nd4 Rc7 16. Rd2 Bg5 17. e3 Rxc4 18. Nxe6 Rxe4 19. Nxd8 Rxe3 20. Rxd6
Re2 21. Rad1 Rxb2 22. h4 Be7 23. R6d3 Rxa2 24. Bd5 Rc2 25. Nxf7 Rxf7 26. Rf3
Bf6 27. g4 Rc3 28. Rxc3 Bxc3 29. Rc1 Kf8 30. Bxf7 Bd4 31. Bd5 Bc5 32. Kg2 Nd7
33. f4 a5 34. g5 Ke7 35. h5 Kd6 36. Rd1 Kc7 37. Bc4 Nb8 38. Bb5 Nc6 39. Bxc6
Kxc6 40. f5 Be7 41. g6 hxg6 42. fxg6 Bg5 43. Kf3 b5 44. Rg1 Bh6 45. Ke4 Kc5
46. Kd3 b4 47. Rf1 a4 48. Rf5+ Kb6 49. Kc4 b3 50. Kb4 b2 51. Rb5+ Kc6 52. Kxa4
Bc1 53. h6 Bxh6 54. Rxb2 Kd6 55. Rb6+ Ke5 56. Kb3 Kf5 57. Kc4 Bg5 58. Kd5 Bf6
59. Rb1 Kxg6 60. Ke6 Kh5 61. Rh1+ Kg4 62. Rg1+ Kf3 63. Kf5 Ke3 64. Rg6 Kd4 65.
Ke6 Kc5 66. Kf7 Kc4 67. Ke6 Kc5 68. Rg4 Bd4 69. Kf5 Bf6 70. Ke4 Kd6 71. Kf5
Kc5 72. Rg2 Kd6 73. Rd2+ Kc5 74. Ke4 Kc6 75. Rd5 Kc7 76. Kf5 Kb7 77. Ke6 Kc6
78. Rf5 Kb7 79. Rc5 Kb6 80. Rc2 Kb7 81. Kd7 Be5 82. Rc6 g5 83. Rg6 Bf4 84. Rf6
Be5 85. Rf5 Bb8 86. Rxg5 Ka8 87. Rb5 Ba7 88. Kc6 Bf2 89. Rb3 Bd4 90. Rb1 Be3
91. Rb4 Bf2 92. Kc7 Bg3+ 93. Kc8 Bf2 94. Rb5 Ba7 95. Rb3 Bd4 96. Kc7 Be5+ 97.
Kc6 Bd4 98. Rb4 Be3 99. Re4 Ba7 100. Re8+ Bb8 101. Kb5 Kb7 102. Re7+ Ka8 103.
Ka6 Bd6 104. Rd7 Bb8 105. Rd3 Bc7 106. Rb3 Bd6 107. Rb1 Bc7 108. Ra1 Kb8 109.
Rc1 Be5 110. Rc2 Ka8 111. Rc5 Bd6 112. Rd5 Bf4 113. Kb6 Be3+ 114. Kc6 Ba7 115.
Rb5 Be3 116. Ra5+ Ba7 117. Ra2 Kb8 118. Rb2+ Ka8 119. Ra2 Kb8 120. Rxa7 Kxa7
{#d} 1/2-1/2

[Event "3rd Thanksgiving Open"]
[Site "Saint Louis USA"]
[Date "2012.11.26"]
[Round "6.1"]
[White "Wesley So"]
[Black "Fidel Corrales Jimenez"]
[Result "1/2-1/2"]
[WhiteElo "2678"]
[BlackElo "2611"]

1. d4 d5 2. c4 e6 3. Nf3 Nf6 4. g3 Be7 5. Bg2 O-O 6. O-O dxc4 7. Qc2 a6 8. a4
Bd7 9. Rd1 Bc6 10. Nc3 Nd5 11. e4 Nxc3 12. bxc3 b5 13. d5 exd5 14. exd5 Bb7
15. Nd4 Bc5 16. Be3 Bxd4 17. Bxd4 Qc8 18. Rab1 c6 19. Qc1 f6 20. Qf4 Re8 21.
Qd6 Qd8 22. Qxd8 Rxd8 23. Bb6 Re8 24. d6 Nd7 25. Bc7 Kf7 26. axb5 axb5 27.
Rxb5 cxb5 28. Bxb7 Ra2 29. Bc6 Ne5 30. Bxb5 Rb2 31. Ba6 Ke6 32. Bxc4+ Nxc4 33.
d7 Ra8 34. d8=Q Rxd8 35. Rxd8 Rb3 36. Rd3 h5 37. h4 g5 38. hxg5 fxg5 39. Kg2
Rb7 40. Bd8 g4 41. Rd1 Ne5 42. Rh1 Nf3 43. c4 Kd7 44. Ba5 Kc6 45. Bd8 Rb2 46.
Rc1 Re2 47. Bf6 Kc5 48. Bg7 Re8 49. Bh6 Ne1+ 50. Kf1 Nd3 51. Ra1 Kxc4 52. Be3
Rb8 53. Ra4+ Kc3 54. Bd4+ Kb3 55. Ra5 Kc4 56. Bg7 Nc5 57. Ra1 Nb3 58. Rd1 Ra8
59. Bh6 Nd4 60. Rc1+ Kd5 61. Rd1 Ke4 62. Re1+ Kf5 63. Be3 Nc2 64. Re2 Ra1+ 65.
Kg2 Ne1+ 66. Rxe1 Rxe1 67. Bd4 Ke4 68. Bc5 Rc1 69. Be3 Rc3 70. Ba7 Rc6 71. Be3
Kd5 72. Kf1 Re6 73. Ba7 Ra6 74. Be3 Ra3 75. Bb6 Rb3 76. Ba7 h4 77. gxh4 g3 78.
Kg2 gxf2 79. Bxf2 Ke4 80. h5 Rb5 81. h6 Rh5 82. h7 Rxh7 83. Bg1 Rg7+ 84. Kh2
Kf3 85. Kh1 Rb7 86. Bh2 Kf2 87. Bg1+ Ke2 88. Kg2 Rg7+ 89. Kh1 Kf1 90. Bh2 Kf2
91. Bd6 Rg5 92. Bh2 Rg6 93. Bb8 Rg1+ 94. Kh2 Rg8 95. Ba7+ Kf3 96. Bb6 Rh8+ 97.
Kg1 Rh7 98. Bc5 Rh6 99. Ba7 Ra6 100. Bd4 Ra5 101. Bb6 Rb5 102. Bc7 Rb7 103.
Bd6 Rb6 104. Be5 Rg6+ 105. Kh1 Kf2 106. Bd4+ Kf1 107. Be5 Rg1+ 108. Kh2 Rg5
109. Bc7 Rh5+ 110. Kg3 Kg1 111. Bb6+ Kh1 112. Ba7 Rg5+ 113. Kf3 Kh2 114. Be3
Rf5+ 115. Ke4 Rb5 116. Kf3 Kh3 117. Bd4 Rf5+ 118. Ke4 Kg4 119. Be5 Rf1 120.
Bc7 Rc1 121. Bb8 Rc5 122. Be5 Rxe5+ {#d} 1/2-1/2

[Event "16th Corsica Masters KO"]
[Site "Bastia FRA"]
[Date "2012.10.28"]
[Round "1.2"]
[White "Michael Massoni"]
[Black "Maxime Vachier-Lagrave"]
[Result "1/2-1/2"]
[WhiteElo "2381"]
[BlackElo "2705"]

1. e4 e5 2. Nf3 Nc6 3. Bb5 Nge7 4. O-O a6 5. Ba4 g6 6. c3 Bg7 7. d3 O-O 8.
Nbd2 d6 9. Re1 Kh8 10. Bb3 h6 11. Nf1 f5 12. exf5 Nxf5 13. h3 Qf6 14. Be3 Bd7
15. Bd5 Nfe7 16. Bxc6 Bxc6 17. N1h2 Nf5 18. Qd2 Nxe3 19. Qxe3 Qf4 20. Qxf4
Rxf4 21. Nd2 b5 22. Ne4 a5 23. g3 Rff8 24. Rad1 Rae8 25. Ng4 Bd7 26. Kg2 Be6
27. Ne3 Rb8 28. b3 a4 29. c4 bxc4 30. bxc4 Rb2 31. Rd2 Rfb8 32. Ree2 a3 33.
Nc3 c6 34. Ne4 d5 35. cxd5 cxd5 36. Nc5 Rxd2 37. Rxd2 Rb2 38. Nf1 Bf7 39. Na4
e4 40. Nxb2 axb2 41. Rd1 Bc3 42. d4 Be8 43. Ne3 Ba4 44. Rb1 Bxd4 45. Nd1 Bc2
46. Rxb2 Bxd1 47. Rd2 Bf3+ 48. Kf1 Bc3 49. Rxd5 Kg7 50. a4 Kf6 51. Rc5 Bd4 52.
Rb5 Ke6 53. a5 Kd6 54. Rb8 Kc7 55. Rg8 g5 56. Rg6 e3 57. fxe3 Bxe3 58. Rxh6
Kb7 59. Re6 Bd4 60. h4 gxh4 61. gxh4 Bd5 62. Rd6 Bc4+ 63. Kg2 Bc3 64. h5 Bxa5
65. h6 Bc3 66. h7 Kc7 67. Rh6 Bd3 68. h8=Q Bxh8 69. Rxh8 Bf5 70. Kf3 Kd6 71.
Kf4 Bc2 72. Rh2 Bb1 73. Rh1 Bc2 74. Rh2 Bb1 75. Rh1 {#d} 1/2-1/2

[Event "Spice Cup Open"]
[Site "Saint Louis USA"]
[Date "2012.10.18"]
[Round "5"]
[White "Manuel Leon Hoyos"]
[Black "Darwin Yang"]
[Result "1/2-1/2"]
[WhiteElo "2603"]
[BlackElo "2485"]

1. c4 Nf6 2. g3 e6 3. Bg2 d5 4. Nf3 Be7 5. O-O O-O 6. b3 c6 7. Bb2 Nbd7 8. d3
b6 9. Nbd2 Bb7 10. Qc2 a5 11. a3 Rc8 12. Rac1 c5 13. e3 Qc7 14. Qb1 Qb8 15.
cxd5 Bxd5 16. e4 Bc6 17. Nc4 Rfd8 18. Rfe1 Qa7 19. Bc3 a4 20. b4 b5 21. Na5
Ba8 22. d4 cxb4 23. axb4 Qb6 24. Bf1 Nxe4 25. Rxe4 Bxe4 26. Qxe4 Rxc3 27. Rxc3
Bxb4 28. Rc6 Qxa5 29. Rxe6 Qa8 30. Bxb5 a3 31. Qxa8 Rxa8 32. Re2 a2 33. Rxa2
Rxa2 34. Bxd7 Kf8 35. Kf1 Ke7 36. Bb5 Bc3 37. Bc6 Kd6 38. Be4 g6 39. h4 Rb2
40. h5 Rb4 41. hxg6 hxg6 42. Ne5 f5 43. Bf3 Bxd4 44. Nxg6 Rb1+ 45. Kg2 Rb2 46.
g4 fxg4 47. Bxg4 Rxf2+ 48. Kg3 Rf6 49. Bh5 Be3 50. Kh3 Rf5 51. Bg4 Rf6 52. Bh5
Kd5 53. Nh4 Ke4 54. Bg6+ Kf4 55. Ng2+ Kg5 56. Nxe3 Rf3+ 57. Kg2 Rxe3 58. Kf2
Kf4 59. Bf7 Re4 60. Bg6 Re6 61. Bd3 Rh6 62. Ke2 Rh2+ 63. Kd1 Ke3 64. Bf5 Rd2+
65. Kc1 Rf2 66. Bh7 {#d} 1/2-1/2

[Event "Vladimir Petrov memorial"]
[Site "Jurmala, Latvia"]
[Date "2013.02.16"]
[Round "9"]
[White "Radoslaw Wojtaszek"]
[Black "Vladimir Malakhov"]
[Result "1/2-1/2"]
[WhiteElo "2710"]
[BlackElo "2730"]

1. d4 d5 2. c4 c6 3. Nc3 Nf6 4. e3 a6 5. Nf3 b5 6. b3 Bg4 7. Be2 Nbd7 8. h3
Bh5 9. g4 Bg6 10. Ne5 Nxe5 11. dxe5 Nd7 12. cxd5 e6 13. dxc6 Nxe5 14. Qxd8+
Rxd8 15. O-O Nxc6 16. Nxb5 axb5 17. Bxb5 Rc8 18. Bb2 Ke7 19. Rac1 Na7 20. Rxc8
Nxc8 21. Rd1 Nb6 22. Ba3+ Kf6 23. Rd8 Bxa3 24. Rxh8 Bb1 25. Rb8 Nd5 26. Ra8
Be7 27. Bf1 g5 28. a3 Ke5 29. b4 Kd6 30. b5 Nb6 31. Ra6 Kc5 32. a4 Be4 33. Ra7
Bd8 34. Bg2 Bg6 35. Bc6 Nc4 36. Be8 Bb6 37. Ra8 Kb4 38. Ra6 h5 39. gxh5 Bxh5
40. Kg2 Bg6 41. Kf3 Bh5+ 42. Kg2 Bg6 43. Kg3 Bc7+ 44. Kf3 Ne5+ 45. Ke2 Nc4 46.
Ra7 Bb6 47. Ra6 Kc5 48. Ra8 Bh5+ 49. Kf1 Bg6 50. Kg1 Kb4 51. Kh2 Bc7+ 52. Kg1
Bb6 53. Bc6 Nb2 54. Rb8 Nxa4 55. Rb7 Ka5 56. Be8 Nc5 57. Rb8 Bc7 58. Rc8 Kb6
59. Ra8 Be5 60. Bc6 Nd3 61. Be8 Nb4 62. Ra4 Bd6 63. Ra8 Be7 64. Ra4 Bc2 65.
Ra8 f6 66. Bf7 Kxb5 67. Re8 Bd6 68. Bxe6 Be5 69. Rc8 Bd3 70. Bd7+ Kb6 71. Bg4
Nc6 72. Bf3 Ne7 73. Rd8 Bf5 74. Bg4 Be4 75. Re8 Nd5 76. h4 Nc7 77. Re7 Bc6 78.
hxg5 Bd6 79. Rg7 fxg5 80. Rg6 Ne8 81. Rxg5 Kc7 82. Bh3 Nf6 83. Bg2 Bd7 84. Rg6
Ng4 85. Bh3 Ne5 86. Rg7 Kc6 87. Bg2+ Kc7 88. f4 Nc6 89. Bh3 Ne7 90. Bxd7 Kxd7
91. Kf2 Ke6 92. Kf3 Nf5 93. Rg6+ Kf7 94. Rg5 Kf6 95. Rh5 Kg6 96. Rg5+ Kf6 97.
Rh5 Kg6 98. Rh8 Kg7 99. Ra8 Kf7 100. Ra7+ Ke6 101. Ra6 Ke7 102. e4 Nd4+ 103.
Kg4 Ne6 104. e5 Bb8 105. Kf5 Nd4+ 106. Ke4 Ne6 107. Rb6 Bc7 108. Rb5 Kd7 109.
Rb1 Nc5+ 110. Kd5 Nd3 111. Rf1 Nb4+ 112. Ke4 Nc6 113. Rh1 Kd8 114. Rh8+ Kd7
115. Rh7+ Kd8 116. Rg7 Kc8 117. Kd5 Nb4+ 118. Ke6 Nd3 119. Kf5 Kd8 120. Rg3
Nc5 121. Rg8+ Kd7 122. Rg7+ Kd8 123. Kf6 Nd7+ 124. Ke6 Nc5+ 125. Kf5 Nd3 126.
Rg3 Nc5 127. Rh3 Kd7 128. Rh8 Nd3 129. Ke4 Nc5+ 130. Kd5 Nd3 131. Rh4 Ke7 132.
Kd4 Nb4 133. Rh7+ Kd8 134. Ke4 Nc6 135. Kd5 Ne7+ 136. Ke6 Ng6 137. Rf7 Ba5
138. Rf6 Nh4 139. Rf8+ Kc7 140. f5 Bc3 141. Kd5 Kd7 142. Rf7+ Ke8 143. e6 Nxf5
144. Rxf5 Bb4 145. Rh5 Ba3 146. Rh8+ Ke7 147. Rh7+ Ke8 148. Rb7 Bc1 149. e7
Kf7 150. Kd6 Ba3+ 151. Kd7 Bxe7 152. Rb1 Ba3 153. Rf1+ Kg6 154. Ke6 Kg5 155.
Ke5 Bb2+ 156. Ke4 Bc3 157. Rf3 Bb2 158. Rf5+ Kg6 159. Kf4 Bf6 160. Rb5 Bd4
{#d} 1/2-1/2

[Event "FIDE Women's Grand Prix Dilijan"]
[Site "Dilijan ARM"]
[Date "2013.06.23"]
[Round "7"]
[White "Anna Ushenina"]
[Black "Dronavalli Harika"]
[Result "1/2-1/2"]
[WhiteElo "2499"]
[BlackElo "2492"]

1. d4 Nf6 2. c4 g6 3. Nc3 d5 4. Qb3 dxc4 5. Qxc4 Bg7 6. Bf4 Na6 7. e4 O-O 8.
Rd1 c6 9. Nf3 Qa5 10. Qd3 b5 11. Nd2 Be6 12. a3 Nh5 13. Be3 f5 14. exf5 Bxf5
15. Nce4 Qc7 16. g3 Rad8 17. Bg2 Kh8 18. O-O e5 19. Nb3 c5 20. Qxb5 cxd4 21.
Qxa6 dxe3 22. Rc1 Qf7 23. Nbc5 Bh6 24. Rce1 exf2+ 25. Rxf2 Qe7 26. b4 Nf6 27.
Nxf6 Rxf6 28. Qb7 Qxb7 29. Bxb7 Rfd6 30. Kg2 Rd2 31. Ne4 R2d3 32. a4 R3d4 33.
b5 Rxa4 34. Nc5 Rc4 35. Rxe5 Bg7 36. Ne6 Re8 37. Rexf5 gxf5 38. Nxg7 Kxg7 39.
Rxf5 Rc2+ 40. Kh3 Ree2 41. Bd5 Rcd2 42. Kg4 Rxh2 43. Rg5+ Kf6 44. Rf5+ Ke7 45.
Rf7+ Ke8 46. Rf5 h6 47. Bc6+ Ke7 48. Re5+ Kf6 49. Rf5+ Kg7 50. Rf4 Rdf2 51.
Ra4 Rf7 52. Rb4 Rd2 53. b6 axb6 54. Rxb6 Rd4+ 55. Kh3 Rd6 56. Ra6 Kf6 57. Bb5
Rxa6 58. Bxa6 Ke5 59. Kg2 Kd4 60. Bb5 Ke3 61. Bc6 Rc7 62. Ba8 Rc2+ 63. Kg1 Rb2
64. Bc6 Kd4 65. Bf3 Ke5 66. Kf1 Kd4 67. Kg1 Rc2 68. Bb7 Ke3 69. Ba8 h5 70. Bb7
Rc7 71. Bd5 Rc5 72. Bb7 Rg5 73. Kh2 Rb5 74. Bc6 Rc5 75. Be8 Re5 76. Bf7 Rf5
77. Be8 Re5 78. Bf7 Re7 79. Bxh5 Rh7 80. g4 Kf4 81. Kg2 Rd7 82. Kf2 Rd2+ 83.
Ke1 Ke3 84. Bf7 Rd7 85. Be6 Rd6 86. Bf5 Rd8 87. Bg6 Rd7 88. Bf5 Rd6 89. g5 Rd5
90. Bh7 Rxg5 91. Kd1 Rc5 92. Bg6 Rc6 93. Bf5 Rf6 94. Bh7 Rc6 95. Bf5 Kd4 96.
Kd2 Rc3 97. Bg6 Rg3 98. Bf5 Rg2+ 99. Kc1 Rg5 100. Be6 Kc3 101. Kb1 Rg1+ 102.
Ka2 Rg6 103. Bf5 Ra6+ 104. Kb1 Kb3 105. Bc2+ Kc3 106. Bf5 Rf6 107. Be4 Rf4
108. Bg6 Kb3 109. Ka1 Ra4+ 110. Kb1 Rg4 111. Bf7+ Kc3 112. Be6 Rg2 113. Ka1
Rg1+ 114. Ka2 Rf1 115. Bd5 Re1 116. Bf7 Re7 117. Bg6 Ra7+ 118. Kb1 Kb3 119.
Bc2+ Ka3 120. Ka1 Ra5 121. Be4 Kb3+ 122. Kb1 Re5 123. Bc2+ Kc3 124. Bg6 Rg5
125. Be4 Rg4 126. Bf5 Rf4 127. Bg6 Kb3 128. Bc2+ Ka3 129. Ka1 Rf7 130. Be4 Rf8
131. Bg6 Kb3 132. Be4 Re8 133. Bf5 Re5 134. Bg6 Kc3 135. Kb1 Kd2 136. Kb2 Rb5+
137. Ka2 Rb6 138. Bf5 Rf6 139. Be4 Kc1 140. Bh7 Rb6 141. Bf5 Rb2+ 142. Ka3 Rf2
143. Bh7 Rf7 {#d} 1/2-1/2